| 000 | 00452nam a2200181Ia 4500 | ||
|---|---|---|---|
| 005 | 20250423101034.0 | ||
| 008 | 250422s9999 xx 000 0 und d | ||
| 020 | _a0201172879 | ||
| 050 | _aQC 21.2 .Y68/ | ||
| 100 | _aFord, A. Lewis | ||
| 245 | 0 | _aStudent solutions manual, college physics | |
| 250 | _a7th ed. | ||
| 260 | _aReading | ||
| 260 | _bAddison Wesley | ||
| 260 | _c1991 | ||
| 650 | _aPhysics_Problems, exercises, etc. | ||
| 942 | _cBK | ||
| 999 |
_c35096 _d35096 |
||